Acting In Person and in Style in Australia / (Record no. 36672)

MARC details
000 -LEADER
fixed length control field 00477nam a22001697a 4500
005 - DATE AND TIME OF LATEST TRANSACTION
control field 20241017094458.0
008 - FIXED-LENGTH DATA ELEMENTS--GENERAL INFORMATION
fixed length control field 241016b |||||||| |||| 00| 0 eng d
020 ## - INTERNATIONAL STANDARD BOOK NUMBER
ISBN 0-07-471197-0
082 ## - DEWEY DECIMAL CLASSIFICATION NUMBER
Classification number 792.028
Item number CRA-E
100 ## - MAIN ENTRY--AUTHOR
Author Name Crawford, Jerry
245 ## - TITLE STATEMENT
Title Acting In Person and in Style in Australia /
Statement of responsibility, etc. by Crawford, Hurst, Lugering, Wimmer
260 ## - PUBLICATION, DISTRIBUTION, ETC.
Place of Publication China :
Name of publisher, distributor, etc. McGraw Hill ;
Date of publication, distribution, etc. 2005.
300 ## - PHYSICAL DESCRIPTION
Pages 342p. :
650 ## - SUBJECT ADDED ENTRY--TOPICAL TERM
Subject / Department Mass com
300 ## - PHYSICAL DESCRIPTION
-- ill. ;
-- 23cm.
952 ## - LOCATION AND ITEM INFORMATION (KOHA)
-- 0
-- 0
Holdings
Lost status Damaged status Collection code Permanent Location Current Location Shelving Location Date acquired Full Call Number Accession No./Barcode Date last seen item type Koha item type
    Management Superior Information Resource Center (SIRC) Superior University- Main Campus Superior Information Resource Center (SIRC) Superior University- Main Campus Management 10/16/2024 792.028 CRA-E 2005 29534 10/16/2024 BOOK BOOK

Powered by Koha